[Event "Charleroi op"]
[Site "Charleroi"]
[Date "2010.08.04"]
[Round "6"]
[White "Houriez, Clement"]
[Black "Maraite, Gregory"]
[Result "0-1"]
[WhiteElo "2259"]
[BlackElo "2098"]
[PlyCount "132"]
[EventDate "2010.07.31"]
[EventType "swiss"]
[EventRounds "9"]
[EventCountry "BEL"]
[SourceTitle "CBM 137 Extra"]
[Source "ChessBase"]
[SourceDate "2010.09.01"]
[SourceVersion "1"]
[SourceVersionDate "2010.09.01"]
[SourceQuality "1"]

1. d4 Nf6 2. c4 e6 3. Nc3 Bb4 4. Qc2 c5 5. dxc5 0-0 6. a3 Bxc5 7. Nf3 b6 8. Bg5 Bb7 9. Rd1 h6 10. Bh4 Be7 11. e4 Nh5 12. Bxe7 Qxe7 13. Be2 Nf4 14. 0-0 f5 15. e5 g5 16. Nb5 g4 17. Ne1 Nc6 18. Nd6 Rab8 19. Nxb7 Rxb7 20. Qd2 Qg5 21. Nd3 Nxd3 22. Qxd3 Nxe5 23. Qd6 Nf7 24. Qd4 Qg7 25. Qd2 d6 26. b4 Rd8 27. Qe3 Qe5 28. Qxe5 Nxe5 29. h3 gxh3 30. gxh3 Rc7 31. Rd4 Nc6 32. Rd2 Kf7 33. f4 Ne7 34. Rfd1 d5 35. Kf2 Re8 36. Rd4 Rec8 37. Bh5+ Kf6 38. cxd5 Rc2+ 39. Ke1 Nxd5 40. Bf3 R8c3 41. Bxd5 exd5 42. R1d3 Rxd3 43. Rxd3 Rc4 44. Rxd5 Rxf4 45. Rd7 Re4+ 46. Kf2 Re7 47. Rd8 Rc7 48. h4 Kg6 49. Rd6+ Kh5 50. Rf6 Kxh4 51. Rxf5 Rc2+ 52. Kf1 Ra2 53. Rf3 h5 54. b5 Kg4 55. Rd3 Kf5 56. Rd5+ Ke4 57. Rxh5 Rxa3 58. Rh7 Kd4 59. Rc7 Kd3 60. Ke1 Ra4 61. Rc6 Rb4 62. Rc7 Rb1+ 63. Kf2 Rxb5 64. Rxa7 Re5 65. Kf3 b5 66. Kf4 Re8 0-1

[Event "BEL-ch U20"]
[Site "Houffalize"]
[Date "2009.04.18"]
[Round "8"]
[White "Verlinde, Tieme"]
[Black "Maraite, Gregory"]
[Result "0-1"]
[WhiteElo "2201"]
[BlackElo "2127"]
[PlyCount "70"]
[EventDate "2009.04.13"]
[EventType "swiss"]
[EventRounds "9"]
[EventCountry "BEL"]
[SourceTitle "CBM 130 Extra"]
[Source "ChessBase"]
[SourceDate "2009.07.02"]
[SourceVersion "2"]
[SourceVersionDate "2009.07.15"]
[SourceQuality "1"]

1. Nf3 c5 2. g3 g6 3. Bg2 Bg7 4. 0-0 Nc6 5. e4 d6 6. d3 e5 7. c3 Nge7 8. a3 0-0 9. b4 h6 10. Be3 b6 11. Nh4 Bb7 12. f4 exf4 13. gxf4 f5 14. Nd2 Kh7 15. Qb3 Ng8 16. Nhf3 Nf6 17. exf5 gxf5 18. h3 Qd7 19. Rae1 Rae8 20. d4 cxd4 21. cxd4 Ne7 22. Nh4 Ned5 23. b5 Nxe3 24. Rxe3 Rxe3 25. Qxe3 Bxg2 26. Kxg2 Qxb5 27. Qe7 Qd5+ 28. Ndf3 Rf7 29. Qd8 Ne4 30. Kh2 Bf6 31. Qe8 Bxh4 32. Nxh4 Qa2+ 33. Ng2 Rg7 34. Rg1 Qf2 35. Qh5 Qg3+ 0-1

[Event "BEL-ch op"]
[Site "Eupen"]
[Date "2008.07.13"]
[Round "9"]
[White "Van Cappellen, Jonas"]
[Black "Maraite, Gregory"]
[Result "0-1"]
[WhiteElo "1965"]
[BlackElo "1994"]
[PlyCount "80"]
[EventDate "2008.07.05"]
[EventType "swiss"]
[EventRounds "9"]
[EventCountry "BEL"]
[SourceTitle "EXT 2019"]
[Source "ChessBase"]
[SourceDate "2018.10.10"]
[SourceVersion "1"]
[SourceVersionDate "2018.10.10"]
[SourceQuality "1"]

1. e4 c5 2. Nf3 d6 3. d4 cxd4 4. Nxd4 Nf6 5. Nc3 g6 6. Be3 Bg7 7. f3 0-0 8. Qd2 Nc6 9. Bc4 Bd7 10. h4 Rc8 11. Bb3 h5 12. 0-0-0 Ne5 13. Kb1 Re8 14. g4 Qa5 15. gxh5 Nxh5 16. Rdg1 Bf6 17. Bg5 Bg7 18. Bh6 Bf6 19. f4 Nc4 20. Qd3 Qb4 21. Nde2 Nxb2 22. Kxb2 Bb5 23. Qxb5 Qxb5 24. Rxg6+ Kh7 25. Rxf6 Qxb3+ 26. axb3 exf6 27. Bg5 fxg5 28. hxg5 Kg6 29. Rd1 Rcd8 30. Rf1 a6 31. Kc1 b5 32. f5+ Kxg5 33. Rg1+ Kf6 34. Rh1 Rh8 35. Nd4 Rc8 36. Nd5+ Ke5 37. c3 Ng3 38. Re1 Nxe4 39. Nb6 Rxc3+ 40. Nc2 Rh2 0-1

[Event "BEL-ch op"]
[Site "Namur"]
[Date "2006.07.08"]
[Round "8"]
[White "Maraite, Gregory"]
[Black "Gillain, Nicolas"]
[Result "0-1"]
[WhiteElo "1590"]
[BlackElo "2058"]
[PlyCount "80"]
[EventDate "2006.07.01"]
[EventType "swiss"]
[EventRounds "9"]
[EventCountry "BEL"]
[SourceTitle "CBM 113 Extra"]
[Source "ChessBase"]
[SourceDate "2006.09.14"]
[SourceVersion "1"]
[SourceVersionDate "2006.09.14"]
[SourceQuality "1"]

1. e4 e6 2. d4 b6 3. Nf3 Bb7 4. Bd3 c5 5. c3 cxd4 6. cxd4 Bb4+ 7. Bd2 Bxd2+ 8. Qxd2 Ne7 9. Nc3 a6 10. Qg5 0-0 11. e5 Ng6 12. Qg4 Bxf3 13. gxf3 f5 14. exf6 Qxf6 15. Bxg6 hxg6 16. Rg1 Qxf3 17. Qxf3 Rxf3 18. Rxg6 Nc6 19. d5 Nb4 20. Ke2 Raf8 21. Rf1 Nc2 22. Rg4 Ne3 23. Rg3 Rxg3 24. hxg3 Nxf1 25. Kxf1 Kf7 26. Ke2 Ke7 27. Ke3 Kd6 28. dxe6 Kxe6 29. f4 Rh8 30. Na4 Rh2 31. Kf3 Rc2 32. g4 b5 33. f5+ Ke5 34. Nb6 Kd6 35. a4 Rxb2 36. axb5 axb5 37. Kf4 Rb4+ 38. Kg5 Re4 39. Kh5 Re8 40. Kg6 Rb8 0-1

[Event "BEL-ch op"]
[Site "Namur"]
[Date "2006.07.07"]
[Round "6"]
[White "Piacentini, Claudio"]
[Black "Maraite, Gregory"]
[Result "1-0"]
[WhiteElo "2175"]
[BlackElo "1590"]
[PlyCount "63"]
[EventDate "2006.07.01"]
[EventType "swiss"]
[EventRounds "9"]
[EventCountry "BEL"]
[SourceTitle "CBM 113 Extra"]
[Source "ChessBase"]
[SourceDate "2006.09.14"]
[SourceVersion "1"]
[SourceVersionDate "2006.09.14"]
[SourceQuality "1"]

1. e4 c5 2. Nf3 d6 3. d4 cxd4 4. Nxd4 Nf6 5. Nc3 g6 6. Be3 Bg7 7. Bb5+ Bd7 8. Bxd7+ Nbxd7 9. 0-0 0-0 10. f3 h5 11. Qd2 Ne5 12. b3 Rc8 13. Rad1 a6 14. Nce2 b5 15. h3 Qc7 16. Bg5 Nc6 17. c3 Qb6 18. Be3 Qc7 19. g4 hxg4 20. hxg4 Nd7 21. Rc1 Nce5 22. Kg2 Nc5 23. Rh1 Qb7 24. Ng3 Rfe8 25. Bh6 Bh8 26. Bf4 Nxg4 27. Rh4 Nf6 28. Rch1 Bg7 29. Bh6 Bh8 30. Bf8 Nh5 31. Rxh5 gxh5 32. Rxh5 1-0